Feminist IR in Europe (Record no. 8359)
[ view plain ]
| 000 -LEADER | |
|---|---|
| fixed length control field | 00635nam a2200121Ia 4500 |
| 008 - FIXED-LENGTH DATA ELEMENTS--GENERAL INFORMATION | |
| fixed length control field | 220615s9999||||xx |||||||||||||| ||und|| |
| 245 #0 - TITLE STATEMENT | |
| Title | Feminist IR in Europe |
| Remainder of title | Knowledge Production in Academic Institutions |
| 546 ## - LANGUAGE NOTE | |
| Language note | English[eng] |
| 650 ## - SUBJECT ADDED ENTRY--TOPICAL TERM | |
| Topical term or geographic name entry element | feminist IR||feminist IR theory||feminism in IR||feminist theory in international relations||Critical Security Studies||War||Military||Peace||peacebuilding||migration||gender||global governance||social movements||international organizations |
| 700 ## - ADDED ENTRY--PERSONAL NAME | |
| Personal name | Stern, Maria||Towns, Ann E. |
| 856 ## - ELECTRONIC LOCATION AND ACCESS | |
| Uniform Resource Identifier | <a href="https://library.oapen.org/bitstream/20.500.12657/53350/1/978-3-030-91999-3.pdf">https://library.oapen.org/bitstream/20.500.12657/53350/1/978-3-030-91999-3.pdf</a> |
| 942 ## - ADDED ENTRY ELEMENTS (KOHA) | |
| Koha item type | E-Books |
| Withdrawn status | Lost status | Damaged status | Not for loan | Home library | Current library | Date acquired | Total Checkouts | Date last seen | Price effective from | Koha item type |
|---|---|---|---|---|---|---|---|---|---|---|
| Kerala University of Digital Sciences, Innovation and Technology Knowledge Centre | Kerala University of Digital Sciences, Innovation and Technology Knowledge Centre | 15/06/2022 | 15/06/2022 | 15/06/2022 | E-Books |